<?xml version="1.0" encoding="UTF-8"?>
<collection xmlns="http://www.loc.gov/MARC21/slim">
 <record>
  <leader>01876nam a2200217Ia 4500</leader>
  <controlfield tag="001">CTU_230011</controlfield>
  <controlfield tag="008">210402s9999    xx            000 0 und d</controlfield>
  <datafield tag="082" ind1=" " ind2=" ">
   <subfield code="a">577.698</subfield>
  </datafield>
  <datafield tag="082" ind1=" " ind2=" ">
   <subfield code="b">Ph506</subfield>
  </datafield>
  <datafield tag="088" ind1=" " ind2=" ">
   <subfield code="a">9440303</subfield>
  </datafield>
  <datafield tag="100" ind1=" " ind2=" ">
   <subfield code="a">Thái, Bình Hạnh Phúc</subfield>
  </datafield>
  <datafield tag="245" ind1=" " ind2="0">
   <subfield code="a">Nghiên cứu đặc tính môi trường đất, nước ảnh hưởng đến khả năng phát triển cây Mấm đen (Avicennia officinalis L.) vùng biển Tây Đồng bằng sông Cửu Long :</subfield>
  </datafield>
  <datafield tag="245" ind1=" " ind2="0">
   <subfield code="b">Luận án Tiến sĩ. Chuyên ngành Môi trường đất và nước</subfield>
  </datafield>
  <datafield tag="245" ind1=" " ind2="0">
   <subfield code="c">Thái Bình Hạnh Phúc ; Thái Thành Lượm, Lê Quang Trí (Cán bộ hướng dẫn)</subfield>
  </datafield>
  <datafield tag="260" ind1=" " ind2=" ">
   <subfield code="a">Cần Thơ</subfield>
  </datafield>
  <datafield tag="260" ind1=" " ind2=" ">
   <subfield code="b">Trường Đại học Cần Thơ</subfield>
  </datafield>
  <datafield tag="260" ind1=" " ind2=" ">
   <subfield code="c">2018</subfield>
  </datafield>
  <datafield tag="520" ind1=" " ind2=" ">
   <subfield code="a">Xác định các yếu tố môi trường đất và nước làm cơ sở phân vùng sinh thái rừng ngập mặn với loài cây Mấm đen (Avicennia officinalis L.) trong quần xã. Sự hiện diện, sinh trưởng, tái sinh, trồng rừng và đánh giá thích nghi cây Mấm đen trên các tiểu vùng sinh thái biển Tây dưới tác động của các điều kiện tự nhiên của vùng nghiên cứu, làm cơ sở cho việc đề xuất các giải pháp tái sinh phục hồi, trồng rừng mới, quản lý bảo vệ rừng và phát triển bền vững rừng ngập mặn trước mắt và lâu dài tại vùng nghiên cứu và các vùng khác có điều kiện tương tự.</subfield>
  </datafield>
  <datafield tag="650" ind1=" " ind2=" ">
   <subfield code="a">Mangrove ecology,Sinh thái rừng ngập mặn</subfield>
  </datafield>
  <datafield tag="910" ind1=" " ind2=" ">
   <subfield code="b">nthai</subfield>
  </datafield>
  <datafield tag="980" ind1=" " ind2=" ">
   <subfield code="a">Trung tâm Học liệu Trường Đại học Cần Thơ</subfield>
  </datafield>
 </record>
</collection>
